| 000 | 00626nam a22002057a 4500 | ||
|---|---|---|---|
| 005 | 20150124124148.0 | ||
| 008 | 121127t mx||||| |||| 00| 0 spa d | ||
| 020 | _a9706863966 | ||
| 050 | 0 | 4 |
_aBJ66 _bN86 2004 |
| 100 | 1 | _aNuño Vizcarra, Francisco | |
| 245 | 1 | 0 |
_aFilosofía, ética, moral y valores / _cFrancisco Nuño Vizcarra |
| 250 | _a1a ed. | ||
| 260 |
_aMéxico : _bThomson, _c2004 |
||
| 300 |
_aviii, 119 p. : _bil. ; _c25 cm. |
||
| 504 | _aIncluye bibliografía e índice | ||
| 650 | 4 |
_aÉtica _eEstudio y enseñanza |
|
| 650 | 4 |
_aFilosofía _xEstudio y enseñanza |
|
| 650 | 4 | _aMoral y valores | |
| 942 |
_2lcc _cLIB |
||
| 999 |
_c35345 _d35345 |
||